Normal view
MARC view
- Fung, Wing Kam
Entry Personal Name
001 - CONTROL NUMBER
- control field: 39460
003 - CONTROL NUMBER IDENTIFIER
- control field: NUST
005 - DATE AND TIME OF LATEST TRANSACTION
- control field: 20210314131443.0
008 - FIXED-LENGTH DATA ELEMENTS
- fixed length control field: 210314|| aca||aabn | a|a d
040 ## - CATALOGING SOURCE
- Original cataloging agency: NUST
- Transcribing agency: NUST
100 ## - HEADING--PERSONAL NAME
- Personal name: Fung, Wing Kam
670 ## - SOURCE DATA FOUND
- Source citation: Work cat.: (NUST): Fung, Wing Kam., Introduction to probability and statistics, 1960.
